[Event "Hoogeveen op 22nd"]
[Site "Hoogeveen"]
[Date "2018.10.21"]
[Round "2"]
[White "Rubingh, Otto"]
[Black "Biermann, Florian"]
[Result "1/2-1/2"]
[WhiteElo "2154"]
[BlackElo "2024"]
[PlyCount "68"]
[EventDate "2018.10.20"]
[EventType "swiss"]
[EventRounds "9"]
[EventCountry "NED"]
[SourceTitle "CBM 187 Extra"]
[Source "ChessBase"]
[SourceDate "2018.11.04"]
[SourceVersion "1"]
[SourceVersionDate "2018.11.04"]
[SourceQuality "1"]

1. d4 Nf6 2. Nf3 g6 3. c4 Bg7 4. Nc3 0-0 5. Bg5 c5 6. Qd2 cxd4 7. Nxd4 Nc6 8. e3 Nxd4 9. exd4 d5 10. Bxf6 Bxf6 11. Nxd5 Bg7 12. Rd1 Bg4 13. f3 Be6 14. Nc3 Qb6 15. Na4 Qc7 16. Nc5 Bf5 17. Nb3 a5 18. d5 Qe5+ 19. Be2 Qxb2 20. Qxb2 Bxb2 21. Nd4 Rac8 22. Nxf5 gxf5 23. Rb1 Bc3+ 24. Kd1 Rc7 25. Kc2 Bb4 26. Kb3 b5 27. Rbc1 Rfc8 28. a4 bxc4+ 29. Rxc4 Rc6 30. Rc5 R6c7 31. Rc4 Rxc4 32. Bxc4 Kg7 33. Rd1 Kf6 34. Rd4 h6 1/2-1/2

[Event "Hoogeveen op 22nd"]
[Site "Hoogeveen"]
[Date "2018.10.20"]
[Round "1"]
[White "Kryakvin, Dmitry"]
[Black "Rubingh, Otto"]
[Result "1-0"]
[WhiteElo "2595"]
[BlackElo "2154"]
[PlyCount "55"]
[EventDate "2018.10.20"]
[EventType "swiss"]
[EventRounds "9"]
[EventCountry "NED"]
[SourceTitle "CBM 187 Extra"]
[Source "ChessBase"]
[SourceDate "2018.11.04"]
[SourceVersion "1"]
[SourceVersionDate "2018.11.04"]
[SourceQuality "1"]

1. d4 e6 2. c4 f5 3. g3 Nf6 4. Bg2 Bb4+ 5. Bd2 Be7 6. Nf3 d6 7. 0-0 0-0 8. Nc3 Qe8 9. b4 Qh5 10. c5 Ne4 11. Rc1 a5 12. a3 axb4 13. axb4 Bf6 14. Be3 Nxc3 15. Rxc3 Nc6 16. Qb3 Kh8 17. b5 Ne7 18. Nd2 e5 19. cxd6 cxd6 20. dxe5 dxe5 21. Rc7 f4 22. Bc5 Rd8 23. Bxe7 Bxe7 24. Rxe7 Rxd2 25. Qc3 Rd4 26. Qc7 Bf5 27. Qxe5 Rad8 28. Qxg7# 1-0

[Event "Groningen Combinatie op"]
[Site "Groningen"]
[Date "2018.05.11"]
[Round "3"]
[White "Rubingh, Otto"]
[Black "Van der Knaap, Jan"]
[Result "1-0"]
[WhiteElo "2146"]
[BlackElo "1911"]
[PlyCount "105"]
[EventDate "2018.05.10"]
[EventType "swiss"]
[EventRounds "7"]
[EventCountry "NED"]
[SourceTitle "CBM 184 Extra"]
[Source "ChessBase"]
[SourceDate "2018.06.28"]
[SourceVersion "1"]
[SourceVersionDate "2018.06.28"]
[SourceQuality "1"]

1. d4 d6 2. Nf3 g6 3. c4 Bg7 4. Nc3 Bg4 5. e3 c5 6. Be2 cxd4 7. exd4 Nh6 8. Qb3 Qc8 9. d5 0-0 10. 0-0 Nf5 11. Nb5 Nd7 12. Bg5 h6 13. Be3 Nxe3 14. fxe3 a6 15. Nbd4 Rb8 16. Rac1 Ne5 17. Qa3 Qd7 18. Rfd1 Rfc8 19. b4 Nxf3+ 20. gxf3 Bh3 21. Qd3 Rc7 22. Kh1 Rbc8 23. Rg1 Qa4 24. Rg3 Bd7 25. Ne6 Qxb4 26. Nxc7 Rxc7 27. Rcg1 Qb2 28. a3 Rc5 29. Rb1 Qe5 30. Rxb7 Ba4 31. f4 Qf6 32. Rg1 Kh7 33. Qe4 e6 34. Bd1 exd5 35. cxd5 Bxd1 36. Rxd1 Rc8 37. Rb6 a5 38. Rb5 Qc3 39. Qd3 Qc7 40. Rdb1 Qd8 41. a4 Rc3 42. Qe4 Ra3 43. Rb8 Qf6 44. Qe8 g5 45. Qe4+ Qg6 46. Qxg6+ Kxg6 47. R1b6 Rxa4 48. Rxd6+ Kf5 49. Rd7 gxf4 50. Rxf7+ Kg6 51. Rxf4 Ra2 52. Rg4+ Kf6 53. Rb6+ 1-0

[Event "Groningen op 52nd"]
[Site "Groningen"]
[Date "2014.12.26"]
[Round "5"]
[White "Schoppen, Casper"]
[Black "Rubingh, Otto"]
[Result "1/2-1/2"]
[WhiteElo "1927"]
[BlackElo "2209"]
[PlyCount "89"]
[EventDate "2014.12.21"]
[EventType "swiss"]
[EventRounds "9"]
[EventCountry "NED"]
[SourceTitle "CBM 164 Extra"]
[Source "ChessBase"]
[SourceDate "2015.03.02"]
[SourceVersion "1"]
[SourceVersionDate "2015.03.02"]
[SourceQuality "1"]

1. d4 e6 2. c4 f5 3. Nf3 Nf6 4. g3 Be7 5. Bg2 d6 6. 0-0 0-0 7. Nc3 Qe8 8. Qc2 Qh5 9. e4 e5 10. dxe5 dxe5 11. Bg5 Nc6 12. exf5 Ng4 13. h4 Bxf5 14. Qe2 Bc5 15. Ne4 Nd4 16. Nxd4 Bxd4 17. Be3 Bxe3 18. fxe3 Qg6 19. Nc5 Nh6 20. e4 Bg4 21. Qe3 Qb6 22. b3 Be6 23. Kh1 Rad8 24. Qg1 Rxf1 25. Rxf1 Bg4 26. Qf2 a5 27. Qe3 Rd4 28. Na4 Qd6 29. Qg5 Rd1 30. Qe3 Bd7 31. Nc3 Rxf1+ 32. Bxf1 Ng4 33. Qf3 c6 34. Bh3 Nf2+ 35. Qxf2 Bxh3 36. Kh2 Bg4 37. Na4 Qd1 38. Nc5 Bf3 39. g4 Bxg4 40. Nxb7 Bf3 41. Nc5 h6 42. Ne6 Kh7 43. Nf8+ Kg8 44. Ne6 Kh7 45. Nf8+ 1/2-1/2

[Event "Groningen op 52nd"]
[Site "Groningen"]
[Date "2014.12.21"]
[Round "1"]
[White "Ipatov, Alexander"]
[Black "Rubingh, Otto"]
[Result "1-0"]
[WhiteElo "2599"]
[BlackElo "2209"]
[PlyCount "55"]
[EventDate "2014.12.21"]
[EventType "swiss"]
[EventRounds "9"]
[EventCountry "NED"]
[SourceTitle "CBM 164 Extra"]
[Source "ChessBase"]
[SourceDate "2015.03.02"]
[SourceVersion "1"]
[SourceVersionDate "2015.03.02"]
[SourceQuality "1"]

1. d4 e6 2. c4 f5 3. Nc3 Nf6 4. Nf3 Bb4 5. Bg5 Bxc3+ 6. bxc3 d6 7. g3 0-0 8. Bg2 h6 9. Bxf6 Qxf6 10. 0-0 Nd7 11. Qb3 Kh8 12. e4 f4 13. e5 dxe5 14. Rae1 exd4 15. cxd4 c5 16. dxc5 Nxc5 17. Qa3 b6 18. Ne5 Ba6 19. Bxa8 Rxa8 20. gxf4 g5 21. fxg5 Qxg5+ 22. Qg3 Qf6 23. Ng4 Qg6 24. h3 Nd3 25. Re3 Bxc4 26. Qc7 Nc5 27. Rg3 Ne4 28. Ne5 1-0

[Event "Groningen Atlantis op-A"]
[Site "Groningen"]
[Date "2013.08.24"]
[Round "5"]
[White "Cebula, Jerzy"]
[Black "Rubingh, Otto"]
[Result "1-0"]
[WhiteElo "1981"]
[BlackElo "2258"]
[PlyCount "47"]
[EventDate "2013.08.22"]
[EventType "swiss"]
[EventRounds "7"]
[EventCountry "NED"]
[SourceTitle "CBM 156 Extra"]
[Source "ChessBase"]
[SourceDate "2013.10.22"]
[SourceVersion "1"]
[SourceVersionDate "2013.10.22"]
[SourceQuality "1"]

1. e4 d5 2. exd5 Nf6 3. c4 c6 4. d4 cxd5 5. Nc3 Nc6 6. Nf3 g6 7. cxd5 Nxd5 8. Qb3 Nxc3 9. bxc3 Bg7 10. Bb5 0-0 11. 0-0 Be6 12. Qd1 Qa5 13. Qa4 Qxa4 14. Bxa4 Rac8 15. Ba3 Bf6 16. Rfe1 Ne5 17. Bb4 Nc4 18. Bb3 Rfe8 19. a4 Bd5 20. Bxc4 Rxc4 21. Ne5 Rc7 22. a5 Bg5 23. Ng4 Bd2 24. Nf6+ 1-0

[Event "Haarlem BDO-B"]
[Site "Haarlem"]
[Date "2007.??.??"]
[Round "2"]
[White "Rubingh, Otto"]
[Black "Heemskerk, Wim"]
[Result "1/2-1/2"]
[WhiteElo "2278"]
[BlackElo "2237"]
[PlyCount "28"]
[EventDate "2007.08.18"]
[EventType "tourn"]
[EventRounds "9"]
[EventCountry "NED"]
[SourceTitle "CBM 120 Extra"]
[Source "ChessBase"]
[SourceDate "2007.11.01"]
[SourceVersion "1"]
[SourceVersionDate "2007.11.01"]
[SourceQuality "1"]

1. g3 d5 2. d4 Nf6 3. Bg2 c6 4. Nf3 Bf5 5. 0-0 Nbd7 6. b3 h6 7. Bb2 e6 8. Nbd2 Be7 9. c4 0-0 10. Ne5 a5 11. e3 Bh7 12. Qe2 a4 13. Bc3 Qc7 14. Rfc1 Ba3 1/2-1/2

[Event "Haarlem BDO-B"]
[Site "Haarlem"]
[Date "2007.??.??"]
[Round "7"]
[White "Rubingh, Otto"]
[Black "Sminia, Jelmer"]
[Result "1/2-1/2"]
[WhiteElo "2278"]
[BlackElo "2192"]
[PlyCount "94"]
[EventDate "2007.08.18"]
[EventType "tourn"]
[EventRounds "9"]
[EventCountry "NED"]
[SourceTitle "CBM 120 Extra"]
[Source "ChessBase"]
[SourceDate "2007.11.01"]
[SourceVersion "1"]
[SourceVersionDate "2007.11.01"]
[SourceQuality "1"]

1. d4 d5 2. Nf3 Nf6 3. c4 c6 4. Nc3 a6 5. e3 Bf5 6. Nh4 Be6 7. c5 g6 8. Bd3 Bg7 9. 0-0 Qc8 10. Na4 Nbd7 11. f4 Ne4 12. f5 gxf5 13. Qf3 0-0 14. a3 Rb8 15. b4 Ndf6 16. Nb6 Qc7 17. Nxf5 Bxf5 18. Qxf5 e6 19. Qf3 Rbd8 20. Ra2 Rfe8 21. g4 h6 22. Rg2 Ng5 23. Qd1 Nfe4 24. Kh1 e5 25. Bb2 exd4 26. Bxd4 Bxd4 27. exd4 Re6 28. Bxe4 Nxe4 29. Na4 Rde8 30. Nb2 Qe7 31. Nd3 Qg5 32. Ne5 Rf6 33. Rf5 Qe3 34. Rxf6 Nxf6 35. Qd2 Qxd2 36. Rxd2 Ne4 37. Rb2 f6 38. Ng6 Nc3 39. Rf2 Re1+ 40. Kg2 Ne4 41. Rf3 Re2+ 42. Kg1 Kf7 43. Nh4 Ng5 44. Rg3 Ne4 45. Rb3 Re1+ 46. Kg2 Re2+ 47. Kg1 Re1+ 1/2-1/2

[Event "Haarlem BDO-B"]
[Site "Haarlem"]
[Date "2007.??.??"]
[Round "3"]
[White "Van Schaardenburg, Mark"]
[Black "Rubingh, Otto"]
[Result "1-0"]
[WhiteElo "2277"]
[BlackElo "2278"]
[PlyCount "97"]
[EventDate "2007.08.18"]
[EventType "tourn"]
[EventRounds "9"]
[EventCountry "NED"]
[SourceTitle "CBM 120 Extra"]
[Source "ChessBase"]
[SourceDate "2007.11.01"]
[SourceVersion "1"]
[SourceVersionDate "2007.11.01"]
[SourceQuality "1"]

1. e4 d5 2. Nc3 d4 3. Nce2 b6 4. Ng3 Bb7 5. Bc4 e6 6. a3 Nf6 7. d3 Be7 8. Nh3 Nc6 9. 0-0 Qd7 10. f4 h6 11. Qe2 0-0-0 12. f5 Ne5 13. Ba2 Bd6 14. Nf4 Rde8 15. Nfh5 Nxh5 16. Nxh5 Rhg8 17. fxe6 fxe6 18. Bf4 Kb8 19. Rf2 Ng6 20. Qg4 Bxf4 21. Nxf4 Ne5 22. Qg3 Qb5 23. Bb3 Bc8 24. Ng6 Nxg6 25. Qxg6 a5 26. a4 Qb4 27. Rf7 Ref8 28. Raf1 Qd6 29. g3 Qb4 30. Kg2 Bd7 31. R1f2 Bc8 32. Bxe6 Bxe6 33. Qxe6 Re8 34. Qc6 Rc8 35. b3 h5 36. Qc4 Qd6 37. R2f4 g5 38. R4f6 Qe5 39. Re6 Qc5 40. Qxc5 bxc5 41. Rc6 g4 42. Rxc5 Rh8 43. Rb5+ Ka7 44. Rxa5+ Kb6 45. Rb5+ Ka6 46. Rff5 h4 47. gxh4 c6 48. Rbc5 Rxh4 49. Rh5 1-0

[Event "Hoogeveen Essent op"]
[Site "Hoogeveen"]
[Date "2005.10.21"]
[Round "1"]
[White "Baklan, Vladimir"]
[Black "Rubingh, Otto"]
[Result "1-0"]
[WhiteElo "2590"]
[BlackElo "2296"]
[PlyCount "107"]
[EventDate "2005.10.21"]
[EventType "swiss"]
[EventRounds "9"]
[EventCountry "NED"]
[SourceTitle "EXT 2006"]
[Source "ChessBase"]
[SourceDate "2005.11.24"]
[SourceVersion "1"]
[SourceVersionDate "2005.11.24"]
[SourceQuality "1"]

1. e4 e6 2. d4 d5 3. Nd2 Nf6 4. Bd3 c5 5. e5 Nfd7 6. c3 Nc6 7. Ne2 cxd4 8. cxd4 f6 9. exf6 Nxf6 10. 0-0 Bd6 11. Nf3 Qc7 12. Bg5 0-0 13. Bh4 Nh5 14. Qc2 h6 15. Bh7+ Kh8 16. Bg6 Nf4 17. Nxf4 Bxf4 18. Rad1 Bd7 19. Rfe1 Rac8 20. Qe2 Be8 21. Qxe6 Bxg6 22. Qxg6 Qd7 23. a3 Qf5 24. Qxf5 Rxf5 25. Bg3 Bxg3 26. hxg3 h5 27. Re6 Kh7 28. b4 a6 29. Rd6 Rd8 30. Rxd8 Nxd8 31. Ne1 Ne6 32. Nc2 Rf7 33. Re1 Nc7 34. Re5 g6 35. a4 Kg7 36. Ne3 Rd7 37. Kf1 Kf7 38. Ke2 Rd6 39. Kd3 Rb6 40. Nc2 Rc6 41. Ne3 Rb6 42. Kc3 Rc6+ 43. Kb2 Rb6 44. Kb3 a5 45. b5 Re6 46. Kc3 Rd6 47. Kd3 Re6 48. Rg5 Rd6 49. f4 Kf6 50. g4 hxg4 51. Nxg4+ Ke7 52. Ne5 Ne6 53. Rg4 Nf8 54. f5 1-0

[Event "Hoogeveen Essent op"]
[Site "Hoogeveen"]
[Date "2003.10.16"]
[Round "7"]
[White "Rubingh, Otto"]
[Black "Doggers, Peter"]
[Result "1-0"]
[WhiteElo "2299"]
[BlackElo "2209"]
[PlyCount "52"]
[EventDate "2003.10.10"]
[EventType "swiss"]
[EventRounds "9"]
[EventCountry "NED"]
[SourceTitle "CBM 096 Extra"]
[Source "ChessBase"]
[SourceDate "2003.10.22"]
[SourceVersion "2"]
[SourceVersionDate "2003.10.20"]
[SourceQuality "1"]

1. d4 Nf6 2. c4 g6 3. Nc3 Bg7 4. e4 d6 5. Bg5 0-0 6. Qd2 Na6 7. Bd3 e5 8. d5 Qe8 9. Nge2 Nh5 10. f3 f6 11. Be3 f5 12. exf5 gxf5 13. 0-0-0 Nc5 14. Bc2 a6 15. g4 fxg4 16. fxg4 Bxg4 17. Rhg1 Bf5 18. Ng3 Bxc2 19. Qxc2 Kh8 20. Nf5 Rg8 21. Bxc5 dxc5 22. Ne4 Qf8 23. Ng5 Bh6 24. h4 Bxg5+ 25. hxg5 Qf7 26. Qe4 Ng7 1-0

[Event "Hoogeveen Essent op"]
[Site "Hoogeveen"]
[Date "2003.10.12"]
[Round "3"]
[White "Rubingh, Otto"]
[Black "Van der Werf, Mark"]
[Result "0-1"]
[WhiteElo "2299"]
[BlackElo "2423"]
[PlyCount "79"]
[EventDate "2003.10.10"]
[EventType "swiss"]
[EventRounds "9"]
[EventCountry "NED"]
[SourceTitle "CBM 096 Extra"]
[Source "ChessBase"]
[SourceDate "2003.10.22"]
[SourceVersion "2"]
[SourceVersionDate "2003.10.20"]
[SourceQuality "1"]

1. d4 d5 2. Nf3 e6 3. g3 c6 4. Bg2 Nd7 5. 0-0 Ngf6 6. b3 Bd6 7. Bb2 0-0 8. Nbd2 Qe7 9. Ne5 Ba3 10. Qc1 Bxb2 11. Qxb2 a5 12. c4 a4 13. b4 a3 14. Qc3 dxc4 15. e4 b5 16. Nxc6 Qe8 17. d5 Ra6 18. Rfe1 Bb7 19. Nd4 Nb6 20. dxe6 fxe6 21. Bh3 Bc8 22. e5 Nfd5 23. Qc1 Nxb4 24. Ne4 Nd3 25. Qg5 h6 26. Qg4 Nxe5 27. Nf6+ Rxf6 28. Rxe5 Nd7 29. Rxb5 e5 30. Qe2 Qf7 31. Bg2 exd4 32. Bd5 Rae6 33. Qxc4 Ba6 34. Rab1 Bxb5 35. Qc8+ Nf8 36. Rxb5 Kh7 37. Qc2+ Qg6 38. Qd1 Re8 39. Bc4 Kh8 40. Bd3 0-1

[Event "Hoogeveen Essent op"]
[Site "Hoogeveen"]
[Date "2003.10.10"]
[Round "1"]
[White "Rubingh, Otto"]
[Black "Rothuis, Vincent"]
[Result "1-0"]
[WhiteElo "2299"]
[BlackElo "2071"]
[PlyCount "57"]
[EventDate "2003.10.10"]
[EventType "swiss"]
[EventRounds "9"]
[EventCountry "NED"]
[SourceTitle "CBM 096 Extra"]
[Source "ChessBase"]
[SourceDate "2003.10.22"]
[SourceVersion "2"]
[SourceVersionDate "2003.10.20"]
[SourceQuality "1"]

1. d4 Nf6 2. Nf3 e6 3. Bg5 Be7 4. Nbd2 d5 5. e3 b6 6. Ne5 0-0 7. Bd3 Bb7 8. 0-0 Nbd7 9. f4 c5 10. c3 cxd4 11. exd4 h6 12. Bxf6 Nxf6 13. Qf3 a5 14. g4 Nd7 15. Nxd7 Qxd7 16. g5 Ba6 17. Bxa6 Rxa6 18. gxh6 g6 19. Qd3 Raa8 20. Nf3 Qd8 21. Ne5 Kh7 22. Kh1 Qe8 23. f5 exf5 24. Rxf5 f6 25. Nxg6 Kxg6 26. Re5+ f5 27. Rg1+ Kh7 28. Rg7+ Kxh6 29. Rexe7 1-0

[Event "Groningen Harmonie op-A"]
[Site "Groningen"]
[Date "2002.??.??"]
[Round "6.5"]
[White "Rubingh, Otto"]
[Black "Ruan, Lufei"]
[Result "1-0"]
[WhiteElo "2266"]
[BlackElo "2246"]
[PlyCount "63"]
[EventDate "2002.12.21"]
[EventType "swiss"]
[EventRounds "9"]
[EventCountry "NED"]
[SourceTitle "EXT 2004"]
[Source "ChessBase"]
[SourceDate "2003.11.25"]
[SourceVersion "1"]
[SourceVersionDate "2003.11.25"]
[SourceQuality "1"]

1. b3 d5 2. Bb2 Bf5 3. e3 e6 4. f4 Nf6 5. Nf3 h6 6. Be2 c5 7. 0-0 Nc6 8. Ne5 Bh7 9. d3 Be7 10. Nd2 0-0 11. Nxc6 bxc6 12. Qe1 a5 13. a4 c4 14. bxc4 Bb4 15. c3 Be7 16. cxd5 exd5 17. Qc1 Re8 18. Nf3 Qc7 19. Ne5 Bd6 20. c4 Rab8 21. Rb1 Rb4 22. Bc3 Rxb1 23. Qxb1 dxc4 24. Nxc4 Nd5 25. Bxa5 Qa7 26. Kh1 Bxf4 27. Bh5 Rxe3 28. Nxe3 Qxe3 29. Re1 Bxd3 30. Qd1 Qd4 31. Re8+ Kh7 32. Be2 1-0

[Event "Groningen Harmonie op-A"]
[Site "Groningen"]
[Date "2002.??.??"]
[Round "4.7"]
[White "Rubingh, Otto"]
[Black "Van Beek, Alexander"]
[Result "1-0"]
[WhiteElo "2266"]
[BlackElo "2265"]
[PlyCount "81"]
[EventDate "2002.12.21"]
[EventType "swiss"]
[EventRounds "9"]
[EventCountry "NED"]
[SourceTitle "EXT 2004"]
[Source "ChessBase"]
[SourceDate "2003.11.25"]
[SourceVersion "1"]
[SourceVersionDate "2003.11.25"]
[SourceQuality "1"]

1. d4 d5 2. Nf3 c6 3. Bf4 Nf6 4. e3 Bg4 5. Be2 e6 6. Nbd2 Nbd7 7. h3 Bh5 8. 0-0 Be7 9. c4 h6 10. c5 g5 11. Bg3 Bg6 12. b4 b5 13. a4 a6 14. Ne5 Nxe5 15. Bxe5 0-0 16. Nb3 Nd7 17. Bh2 f6 18. Na5 Qc8 19. f4 Re8 20. Ra2 Bf8 21. axb5 axb5 22. Bh5 Kh7 23. Raf2 Re7 24. fxg5 hxg5 25. h4 Bh6 26. hxg5 Bxg5 27. Bf4 Ra6 28. Qg4 Bf5 29. Qf3 Rg7 30. Bg4 Bxg4 31. Qxg4 Bxf4 32. Qxf4 Kg8 33. Qd6 Qe8 34. Rf3 f5 35. Rg3 Nf6 36. Rxg7+ Kxg7 37. Qe5 Kf7 38. Rf3 Ne4 39. Rh3 Qg8 40. Rh6 Qe8 41. Rh7+ 1-0

[Event "Lost Boys op"]
[Site "Amsterdam"]
[Date "2000.08.12"]
[Round "2"]
[White "Wendt, Rene"]
[Black "Rubingh, Otto"]
[Result "1-0"]
[WhiteElo "2373"]
[BlackElo "2264"]
[PlyCount "115"]
[EventDate "2000.08.05"]
[EventType "swiss"]
[EventRounds "9"]
[EventCountry "NED"]
[SourceTitle "CBM 077 Extra"]
[Source "ChessBase"]
[SourceDate "2000.09.14"]
[SourceVersion "1"]
[SourceVersionDate "2000.09.14"]
[SourceQuality "1"]

1. d4 e6 2. c4 f5 3. g3 Nf6 4. Bg2 Bb4+ 5. Bd2 Be7 6. Nc3 0-0 7. Nf3 d6 8. 0-0 Qe8 9. Qc2 Qh5 10. b4 h6 11. a4 Nbd7 12. c5 e5 13. Nb5 e4 14. Qa2+ Kh8 15. Ne1 Ne8 16. f3 Ndf6 17. Nc3 Qg6 18. a5 h5 19. Bf4 h4 20. e3 h3 21. Bh1 Qh5 22. g4 Qg6 23. Bg3 exf3 24. gxf5 Bxf5 25. Bxf3 Nh5 26. Bxh5 Qxh5 27. e4 Bg4 28. Rxf8+ Bxf8 29. Nd3 Qg5 30. Qf2 Nf6 31. Rf1 Bh5 32. Qf4 Qg6 33. Qh4 Qg4 34. Nf4 Re8 35. Qxh3 Kg8 36. Qxg4 Bxg4 37. h3 Bd7 38. Re1 dxc5 39. bxc5 c6 40. e5 Nh7 41. Ne4 Bf5 42. h4 Kf7 43. Kf2 g6 44. Kf3 Bxe4+ 45. Kxe4 Bh6 46. Rb1 Re7 47. Rf1 Bxf4 48. Bxf4 Ke6 49. Rg1 Kf7 50. Bg5 Rd7 51. a6 bxa6 52. Ra1 Nf8 53. Rf1+ Ke8 54. Rf6 Rc7 55. Bh6 Nh7 56. Rxg6 a5 57. e6 a4 58. Ke5 1-0

[Event "Lost Boys op"]
[Site "Amsterdam"]
[Date "2000.??.??"]
[Round "?"]
[White "Rubingh, Otto"]
[Black "Soderberg, Per"]
[Result "0-1"]
[WhiteElo "2260"]
[BlackElo "2180"]
[PlyCount "54"]
[EventDate "2000.08.05"]
[EventType "swiss"]
[EventRounds "9"]
[EventCountry "NED"]
[SourceTitle "EXT 2002"]
[Source "ChessBase"]
[SourceDate "2001.11.25"]
[SourceVersion "1"]
[SourceVersionDate "2001.11.25"]
[SourceQuality "1"]

1. d4 c5 2. c3 e6 3. Nf3 d5 4. Bg5 Nf6 5. e3 cxd4 6. exd4 Be7 7. Bd3 0-0 8. Nbd2 h6 9. Bh4 Nc6 10. 0-0 a6 11. Ne5 Nxe5 12. dxe5 Nd7 13. Bxe7 Qxe7 14. Nf3 b6 15. Re1 Bb7 16. Bc2 Nc5 17. Nd4 f5 18. exf6 Qxf6 19. Qe2 e5 20. Qxe5 Qxf2+ 21. Kh1 Ne4 22. Bb3 Rae8 23. Bxd5+ Bxd5 24. Qxd5+ Kh8 25. Ne6 Ng5 26. h3 Rf6 27. Qd4 Nxe6 0-1

[Event "NED-ch U26"]
[Site "Leeuwarden"]
[Date "1995.??.??"]
[Round "5"]
[White "Reinderman, Dimitri"]
[Black "Rubingh, Otto"]
[Result "1-0"]
[WhiteElo "2440"]
[BlackElo "2260"]
[PlyCount "33"]
[EventDate "1995.??.??"]
[EventType "swiss"]
[EventRounds "7"]
[EventCountry "NED"]
[SourceTitle "EXT 1997"]
[Source "ChessBase"]
[SourceDate "1996.11.15"]
[SourceVersion "1"]
[SourceVersionDate "1996.11.15"]
[SourceQuality "1"]

1. e4 Nc6 2. Nc3 e6 3. d4 d5 4. Nf3 Bb4 5. e5 Bxc3+ 6. bxc3 b6 7. Bd3 Na5 8. Ng5 g6 9. Qf3 Qd7 10. h4 h6 11. Nh3 Bb7 12. h5 gxh5 13. Nf4 0-0-0 14. Nxh5 Qe7 15. Rh3 Rf8 16. Qg3 f6 17. Nf4 1-0

[Event "NED-ch U26"]
[Site "Leeuwarden"]
[Date "1995.??.??"]
[Round "2"]
[White "Rubingh, Otto"]
[Black "Van der Weide, Karel"]
[Result "0-1"]
[WhiteElo "2260"]
[BlackElo "2345"]
[PlyCount "118"]
[EventDate "1995.??.??"]
[EventType "swiss"]
[EventRounds "7"]
[EventCountry "NED"]
[SourceTitle "EXT 1997"]
[Source "ChessBase"]
[SourceDate "1996.11.15"]
[SourceVersion "1"]
[SourceVersionDate "1996.11.15"]
[SourceQuality "1"]

1. d4 Nf6 2. Nf3 g6 3. c4 Bg7 4. Nc3 0-0 5. Bg5 d6 6. Qd2 Nbd7 7. 0-0-0 c5 8. e4 cxd4 9. Nxd4 Nc5 10. f3 Bd7 11. Be2 Qa5 12. Kb1 Rfc8 13. g4 Na4 14. Nd5 Qxd2 15. Rxd2 Nxd5 16. exd5 h6 17. Be3 a6 18. Rc1 e5 19. dxe6 fxe6 20. Nb3 Bf8 21. h4 Be8 22. f4 Rc7 23. h5 Rac8 24. Nd4 Nc5 25. Bf3 Bf7 26. hxg6 Bxg6+ 27. f5 Bf7 28. b4 e5 29. bxc5 exd4 30. Bxd4 dxc5 31. Be5 Re7 32. Bf4 b5 33. Bd5 Bxd5 34. cxd5 Re4 35. Rf1 Rd8 36. g5 hxg5 37. Bxg5 Rd7 38. Bf6 Kf7 39. Bb2 c4 40. Rh1 b4 41. Rh7+ Ke8 42. Rxd7 Kxd7 43. Rh2 Kd6 44. f6 Kxd5 45. Rh5+ Kc6 46. Rh8 Bd6 47. Ra8 Kb7 48. Rd8 Kc7 49. Ra8 Re1+ 50. Kc2 Re2+ 51. Kb1 c3 52. Bc1 Kb7 53. Rd8 Kc6 54. Bh6 Rf2 55. Bg5 Rb2+ 56. Ka1 Rg2 57. Bc1 Be5 58. Rc8+ Kd7 59. f7 c2+ 0-1

[Event "NED-ch U26"]
[Site "Leeuwarden"]
[Date "1995.??.??"]
[Round "3"]
[White "Wagenmakers, Eric Jan"]
[Black "Rubingh, Otto"]
[Result "1/2-1/2"]
[WhiteElo "2270"]
[BlackElo "2260"]
[PlyCount "46"]
[EventDate "1995.??.??"]
[EventType "swiss"]
[EventRounds "7"]
[EventCountry "NED"]
[SourceTitle "EXT 1997"]
[Source "ChessBase"]
[SourceDate "1996.11.15"]
[SourceVersion "1"]
[SourceVersionDate "1996.11.15"]
[SourceQuality "1"]

1. e4 Nc6 2. Nf3 d6 3. h3 f5 4. exf5 Bxf5 5. d4 e6 6. Bd3 Bxd3 7. Qxd3 Qd7 8. Nc3 Nf6 9. Bg5 Be7 10. 0-0-0 0-0 11. Bxf6 Bxf6 12. Ne4 Nb4 13. Nxf6+ Rxf6 14. Qb3 a5 15. c3 Nd5 16. Qxb7 Rff8 17. Qb3 Rab8 18. Qc2 Rb6 19. Rhe1 Rfb8 20. Ng5 g6 21. Ne4 a4 22. c4 Rc6 23. Kb1 Kg7 1/2-1/2

[Event "Groningen op"]
[Site "Groningen"]
[Date "1992.??.??"]
[Round "4"]
[White "Grooten, Herman"]
[Black "Rubingh, Otto"]
[Result "1-0"]
[WhiteElo "2405"]
[BlackElo "2285"]
[PlyCount "45"]
[EventDate "1992.??.??"]
[EventType "swiss"]
[EventRounds "9"]
[EventCountry "NED"]
[SourceTitle "EXT 1997"]
[Source "ChessBase"]
[SourceDate "1996.11.15"]
[SourceVersion "1"]
[SourceVersionDate "1996.11.15"]
[SourceQuality "1"]

1. d4 d5 2. c4 e6 3. Nf3 Nf6 4. Nc3 c6 5. e3 Bd6 6. Bd3 Nbd7 7. 0-0 0-0 8. b3 dxc4 9. bxc4 e5 10. Qc2 Re8 11. a4 Qe7 12. Ng5 h6 13. Nge4 exd4 14. exd4 Bxh2+ 15. Kxh2 Ng4+ 16. Kg1 f5 17. Nd2 c5 18. Nd5 Qd6 19. Nf3 cxd4 20. Bf4 Nde5 21. Nxe5 Nxe5 22. Rfe1 Bd7 23. Qe2 1-0